000 03352nam a22003257a 4500
001 TICS 003
003 gtcocun
005 20251003151452.0
006 a||||gr|||| 00| 0
007 ta
008 251003b2023 gt ||||| |m|| 00| 0 eng d
040 _agtcocun
_bSPA
_cgtcocun
_eRDA
041 _aSPA TICS 003
084 _0TICS 003
100 _aRequena Ligorria, Luis Renato
_eAutor
245 _aDESARROLLO DE PROTOTIPO DE SOFTWARE PARA LA GESTIÓN DE LA DESNUTRICIÓN CRÓNICA Y AGUDA EN NIÑOS MENORES A 5 AÑOS PARA LA MUNICIPALIDAD DE COBÁN, ALTA VERAPAZ/
_cLuis Renato Requena Ligorria.
_hImpreso
264 _aCobán, Alta Verapaz:
_bUniversidad de San Carlos de Guatemala, Centro Universitario del Norte,
_c2023
300 _a198 p.:
_bIlustraciones, gráficas.
_c28 cm;
336 _2rdacontenido
_aTexto
_btxt
337 _2rdamedio
_aComputadora
_bn
338 _2rdasoporte
_aCódigo en línea
_bcr
502 _eTICS 003
502 _aTesis de grado
_bCarrera Ingeniería en Ciencias y Sistemas,
_cUniversidad de San Carlos de Guatemala, Centro Universitario del Norte, Carrera Ingeniería en Ciencias y Sistemas
_d2023
_oTICS 003
520 1 4 _aLa presente investigación aborda la problemática de la desnutrición crónica y aguda en niños menores de 5 años en el municipio de Cobán, Alta Verapaz, con un enfoque interdisciplinario entre la tecnología y la salud pública. Esta investigación se centró en desarrollar un prototipo de software que mejore la gestión y el control de la desnutrición infantil y proporcionó una herramienta tecnológica para el procesamiento de datos y la toma de decisiones informadas. Por lo tanto, se recopiló información detallada sobre el proceso de gestión actual de la desnutrición infantil en el municipio. Esto permitió identificar los desafíos existentes, como la falta de centralización de datos, la generación manual de informes y la duplicación de registros. Se diseñó un modelo aplicable que sistematiza la gestión y el control de la desnutrición mediante la automatización de procesos de recolección y procesamiento de datos. En adición, se utilizó la metodología Scrum, que permitió una gestión ágil del proyecto y una colaboración efectiva entre los interesados. Para prototipo resultante se utilizaron tecnologías como Angular y Java Spring Boot, para garantizar una interfaz de usuario versátil y una lógica de aplicación sólida. Este sistema de información ofrece la capacidad de identificar casos de desnutrición de manera temprana y brinda un seguimiento preciso, lo que puede conducir a intervenciones más efectivas y una mejora significativa en la salud de la población infantil. Durante el desarrollo de esta investigación se demuestra cómo la colaboración entre la ingeniería y la medicina puede generar soluciones tecnológicas efectivas para abordar desafíos de salud pública en la sociedad.
650 _2LEMB
_aCobán, Alta Verapaz
_x Ingeniería en Ciencias y Sistemas
_xDesnutrición
_xSalud
_xSoftware
_xDesarrollo
_xGestión
_xSistema
700 _aIng. Luis Jacobo Rodas Morales
_eAsesor
856 _uhttps://drive.google.com/file/d/1iG276AAP8XdRw5-2ves9MmJNv5qvpTq8/view
_yPDF
_zUn ejemplar en línea.
942 _2ddc
_cTES
_iTICS 003
_kClasificación
_n0
_6TICS_003_000000000000000
999 _c2210
_d2210